000 00389nam a2200145Ia 4500
041 _aArabic
082 _a341.21cut 92ە
100 _a20260118u\\\\\\\\\\\y0engy0103\\\\ba
100 _aد. فخرى رشيد الهنا
245 0 _aالنضلمات الدولية
250 _aط1
260 _bالعاتل الصنا الكتب
_aالقاهرة
300 _a347
942 _cBk
999 _c188397
_d188397